Central Library OPAC University of Rajshahi

জীবনযাত্রা ও অর্থনীতি / (Record no. 38225)

MARC details
000 -LEADER
fixed length control field 00996nam a2200265 a 4500
001 - CONTROL NUMBER
control field 38225
003 - CONTROL NUMBER IDENTIFIER
rucl marc code BD-RjUL
005 - DATE AND TIME OF LATEST TRANSACTION
control field 20211209052743.0
008 - FIXED-LENGTH DATA ELEMENTS--GENERAL INFORMATION
fixed length control field 910808s1990 ii e b 001 0 beno
020 ## - INTERNATIONAL STANDARD BOOK NUMBER
International Standard Book Number 8170662850 :
035 ## - SYSTEM CONTROL NUMBER
System control number (BD-RjUL)38330
040 ## - CATALOGING SOURCE
Original cataloging agency DLC
Transcribing agency DLC
Modifying agency DLC
Language of cataloging ben
041 ## - LANGUAGE CODE
Language code of text/sound track or separate title ben
082 ## - DEWEY DECIMAL CLASSIFICATION NUMBER
Edition number 23
Classification number 330
Author mark and year SEL 2012
100 1# - MAIN ENTRY--PERSONAL NAME
Personal name সেন, অমর্ত
Dates associated with a name 1933-
9 (RLIN) 118198
245 10 - TITLE STATEMENT
Title জীবনযাত্রা ও অর্থনীতি /
Statement of responsibility, etc. অমর্ত সেন
260 ## - PUBLICATION, DISTRIBUTION, ETC. (IMPRINT)
Place of publication, distribution, etc. কলকাতা :
Name of publisher, distributor, etc. আনন্দ,
Date of publication, distribution, etc. ১৯৯০ [২০১১]
300 ## - PHYSICAL DESCRIPTION
Pagination ১৯৭ পৃ. ;
Size ২২ সেমি.
504 ## - BIBLIOGRAPHY, ETC. NOTE
Bibliography, etc Iগ্রন্থপন্জি (পৃ ১৯১-১৯৫).
650 #0 - SUBJECT ADDED ENTRY--TOPICAL TERM
Topical term or geographic name as entry element অর্থনীতির উন্নয়ন.
9 (RLIN) 116877
Topical term or geographic name as entry element Economic Development
9 (RLIN) 118200
651 #0 - SUBJECT ADDED ENTRY--GEOGRAPHIC NAME
Geographic name Bangladesh
General subdivision Economic policy.
9 (RLIN) 118201
942 ## - ADDED ENTRY ELEMENTS (KOHA)
Source of classification or shelving scheme Dewey Decimal Classification
Koha item type Books
Holdings
Lost status Source of classification or shelving scheme Damaged status Not for loan Collection code Permanent Location Current Location Shelving location Date acquired Cost, normal purchase price Total Checkouts Full call number Date last seen Copy number Koha item type Source of acquisition Coded location qualifier Date checked out
  Dewey Decimal Classification   Not For Loan Non-fiction Central Library, University of Rajshahi Central Library, University of Rajshahi Reading Room 11/10/2015 250.00   B 330 SEL 2012 11/10/2015 ক -১ Books      
  Dewey Decimal Classification     Non-fiction Central Library, University of Rajshahi Central Library, University of Rajshahi   23/06/2015 250.00 1 B 330 SEL 2012 23/09/2024 ক -২ Books chitagonj : Batighar 06/06/2024